000 00676nam a2200229 a 4500
008
020 _a0125755600 (pbk.)
049 _aMAIN
090 _aQA76.76.S64
_bKEO
100 1 _aKeogh, James Edward.
245 1 0 _aSolving the year 2000 problem /
_cJim Keogh.
260 _aBoston :
_bAP Professional,
_cc1997.
300 _aix, 264 p. :
_bill. ;
_c25 cm.
500 _aIncludes index.
650 0 _aSoftware maintenance.
650 0 _aYear 2000 date conversion (Computer systems).
907 _a.b1002010x
_b16-04-12
_c17-04-03
003
005 20230123133136.0
040 _cNUST
942 _cBOOKS
_kQA76.76.S64
_mKEO
999 _c143456
_d143456